000 00671nam a22001337a 4500
040 _cRUA
082 _aAVM CHH 2011 B099 Or.1
100 _aCHHEANG, CHEAMOV.
245 _aEffectiveness of village animal health worker in khsachkandal district kandal province, ប្រសិទ្ធភាពនៃការបង្កើតភ្នាក់ងារសុខភាពសត្វភូមិនៅស្រុកខ្សាច់កណ្ដាល ខេត្តកណ្ដាល
260 _aPhnom Penh
_bRUA
_c2011
300 _ax; 41p.
_bill.
_c29cm.
856 _uhttps://drive.google.com/file/d/1jB2C49GZfZVR9YpXH1P3DH5CrGJlNQXt/view?usp=sharing
942 _cAVM
999 _c2546
_d2546